Zákony II/98 zborník úplných znení zákonov platných od 1.1.1998

Saved in:
Bibliographic Details
Format: Book
Language:Slovak
Published: Žilina Vydavateľstvo Poradca [1998]
Subjects:
Tags: Add Tag
No Tags, Be the first to tag this record!

MARC

LEADER 00000nam a2200000 4500
001 c100390
005 20221109095513.2
020 |a 80-967544-9-1 
041 0 |a slo 
044 |a SK 
245 1 0 |a Zákony II/98  |b zborník úplných znení zákonov platných od 1.1.1998 
264 1 |a Žilina  |b Vydavateľstvo Poradca  |c [1998] 
300 |a 608 s. 
610 2 0 |a zákonník obchodný 
610 2 0 |a zákonník občiansky 
610 2 0 |a poriadok exekučný 
610 2 0 |a poriadok súdny občiansky